00257nam a2200109Ia 4500008004100000041000800041100001400049245002400063260002400087650001500111999002100126240109s9999 xx 000 0 und d aeng aBlair G.R aWhat Are Your Goals bWharton Pub Delmar  aManagement c1021989d1021989